[Event "Landesliga Sued 0506"]
[Site "Bayern"]
[Date "2006.04.02"]
[Round "9.7"]
[White "Caspers, Christian"]
[Black "Demel, Paul"]
[Result "0-1"]
[WhiteElo "2028"]
[BlackElo "1917"]
[PlyCount "82"]
[EventDate "2005.10.23"]
[EventType "team-tourn"]
[EventRounds "9"]
[EventCountry "GER"]
[SourceTitle "EXT 2007"]
[Source "ChessBase"]
[SourceDate "2006.11.23"]
[SourceVersion "1"]
[SourceVersionDate "2006.11.23"]
[SourceQuality "1"]
[WhiteTeam "Muenchen Siemens"]
[BlackTeam "Kriegshaber SK"]
[WhiteTeamCountry "GER"]
[BlackTeamCountry "GER"]

1. d4 Nf6 2. c4 e6 3. Nc3 Bb4 4. f3 c5 5. d5 exd5 6. cxd5 d6 7. e4 0-0 8. Bd3 a6 9. Nge2 b5 10. a3 Ba5 11. 0-0 Nbd7 12. Bg5 Bb7 13. Ng3 Re8 14. Nf5 Nf8 15. Ne2 Ng6 16. Neg3 c4 17. Bc2 Bc8 18. Qc1 Bxf5 19. Nxf5 Qb6+ 20. Kh1 Nd7 21. h4 f6 22. Be3 Nc5 23. Qd1 Rac8 24. f4 Ne7 25. Qg4 Nxf5 26. Qxf5 Qb7 27. Bxc5 Rxc5 28. e5 g6 29. Qxf6 dxe5 30. fxe5 Bd8 31. Qf4 Qxd5 32. Rae1 Qe6 33. h5 Rxe5 34. Rxe5 Qxe5 35. Qf7+ Kh8 36. Rf3 Bc7 37. g3 Qxh5+ 38. Kg2 Qe5 39. b3 Rd8 40. Be4 Rd2+ 41. Kf1 Qa1+ 0-1

[Event "Landesliga Sued 0304"]
[Site "Bayern"]
[Date "2003.11.23"]
[Round "3.8"]
[White "Caspers, Christian"]
[Black "Hackbarth, Wolfgang"]
[Result "1/2-1/2"]
[WhiteElo "2059"]
[BlackElo "2036"]
[PlyCount "40"]
[EventDate "2003.10.12"]
[EventType "team-tourn"]
[EventRounds "9"]
[EventCountry "GER"]
[SourceTitle "EXT 2006"]
[Source "ChessBase"]
[SourceDate "2005.11.24"]
[SourceVersion "1"]
[SourceVersionDate "2005.11.24"]
[SourceQuality "1"]
[WhiteTeam "Muenchen Siemens"]
[BlackTeam "Pfarrkirchen SC"]
[WhiteTeamCountry "GER"]
[BlackTeamCountry "GER"]

1. d4 Nf6 2. c4 g6 3. Nc3 Bg7 4. e4 d6 5. f4 0-0 6. Nf3 Nc6 7. d5 Nb4 8. a3 Na6 9. Bd3 e6 10. 0-0 exd5 11. cxd5 Nc5 12. Bc2 Re8 13. Re1 Bg4 14. h3 Bxf3 15. Qxf3 c6 16. Be3 cxd5 17. exd5 a6 18. Bd4 Ncd7 19. Qf2 Rc8 20. Rxe8+ Nxe8 1/2-1/2

[Event "Landesliga Sued 0203"]
[Site "Bayern"]
[Date "2002.10.20"]
[Round "1.6"]
[White "Hornung, Hans"]
[Black "Caspers, Christian"]
[Result "1/2-1/2"]
[WhiteElo "2067"]
[BlackElo "2073"]
[PlyCount "88"]
[EventDate "2002.10.20"]
[EventType "team-tourn"]
[EventRounds "9"]
[EventCountry "GER"]
[SourceTitle "EXT 2004"]
[Source "ChessBase"]
[SourceDate "2003.11.25"]
[SourceVersion "1"]
[SourceVersionDate "2003.11.25"]
[SourceQuality "1"]
[WhiteTeam "Ingolstadt"]
[BlackTeam "Muenchen Siemens"]
[WhiteTeamCountry "GER"]
[BlackTeamCountry "GER"]

1. b3 c5 2. Bb2 Nc6 3. c4 e5 4. Nc3 g6 5. g3 Bg7 6. Bg2 d6 7. d3 Nge7 8. e3 Rb8 9. Nge2 Bg4 10. h3 Be6 11. Nd5 Qd7 12. Nec3 0-0 13. h4 h5 14. Qd2 a6 15. 0-0 b5 16. Kh2 f5 17. Rae1 Kh7 18. f4 exf4 19. exf4 Bxd5 20. cxd5 Nd4 21. Ne2 Nxe2 22. Qxe2 Bxb2 23. Qxb2 Rf7 24. Re6 Nc6 25. Rfe1 Nd4 26. b4 Qc7 27. bxc5 Nxe6 28. dxe6 Re7 29. c6 Rbe8 30. Bd5 Qb6 31. Kg2 Qc5 32. Qb3 a5 33. Bf3 a4 34. Qd5 b4 35. d4 Qxd5 36. Bxd5 Kg7 37. Rc1 Kf6 38. Kf2 Rxe6 39. Bxe6 Kxe6 40. Re1+ Kf7 41. Rb1 Rb8 42. d5 b3 43. axb3 axb3 44. Rb2 Ke8 1/2-1/2

[Event "Landesliga Sued 0001"]
[Site "Bayern"]
[Date "2001.04.29"]
[Round "9"]
[White "Caspers, Christian"]
[Black "Klenk, Robert"]
[Result "1/2-1/2"]
[WhiteElo "2025"]
[BlackElo "1995"]
[PlyCount "33"]
[EventDate "2000.10.15"]
[EventType "team-tourn"]
[EventRounds "9"]
[EventCountry "GER"]
[SourceTitle "EXT 2020"]
[Source "ChessBase"]
[SourceDate "2019.10.17"]
[SourceVersion "1"]
[SourceVersionDate "2019.10.17"]
[SourceQuality "1"]
[WhiteTeam "Muenchen Siemens"]
[BlackTeam "Muenchen FC Bayern II"]
[WhiteTeamCountry "GER"]
[BlackTeamCountry "GER"]

1. d4 g6 2. c4 Bg7 3. Nc3 d6 4. e4 Nc6 5. d5 Nd4 6. Be3 c5 7. Nge2 Nxe2 8. Bxe2 Qa5 9. Qd2 Nf6 10. 0-0 Ng4 11. Bxg4 Bxg4 12. Bh6 Bd4 13. a3 Bxc3 14. bxc3 f6 15. f4 0-0-0 16. e5 Rhg8 17. h3 1/2-1/2